• 首页
  • 本馆介绍
  • 公告通知
  • 最新文献
  • 馆藏检索
  • 电子资源
  • 读者导购
  • 参考咨询
  • 我的图书馆
  • 登录
  • 详细信息显示
  • 放入我的书架
  • 预约/预借图书
  • 作者相关作品
  • 分类相关作品
  • 丛书相关作品
  • 出版社相关作品

书目信息

  • 表格格式
  • 工作单格式
  • 卡片格式
题名:
3ds Max & VRay工业产品渲染实例教程
    
 
作者: 韩鹏飞 , 李巨韬 编著
分册:  
出版信息: 北京   兵器工业出版社  2009
页数: 412页
开本: 26cm
丛书名:
单 册:
中图分类: TB472-39
科图分类:
主题词: 工业产品--造型设计--计算机辅助设计--图形软件,3ds Max、VRay , 工业产品 , 计算机辅助设计 , 造型设计 , 图形软件,3ds Max、VRay
电子资源:
ISBN: 978-7-80248-302-6
000 01086nam0 2200289 45
005 20100303150426.06
010    @a978-7-80248-302-6@dCNY72.00
100    @a20100120d2009 ekmy0chiy0120 ea
101 0  @achi
102    @aCN@b110000
105    @aa z 000yy
106    @ar
200 1  @a3ds Max & VRay工业产品渲染实例教程@A3ds Max & VRay Gong Ye Chan Pin Xuan Ran Shi Li Jiao Cheng@f韩鹏飞,李巨韬编著@FHan Peng Fei, Li Ju Tao Bian Zhu
210    @a北京@c兵器工业出版社@c北京科海电子出版社@d2009
215    @a412页@c图@d26cm@e附光盘1片
307    @a附光盘:ISBN 978-7-89487-588-4
330    @a本书分为9章,共30多个专业案例,对学生在设计中经常需要表现的如金属、玻璃、陶瓷、塑料、皮革等材质进行了分类讲解。
606 0  @a工业产品@x造型设计@x计算机辅助设计@x图形软件,3ds Max、VRay
606 0  @a工业产品
606 0  @a计算机辅助设计
606 0  @a造型设计
606 0  @a图形软件,3ds Max、VRay
690    @aTB472-39@v4
701  0 @a韩鹏飞@AHan Peng Fei@4编著
701  0 @a李巨韬@ALi Ju Tao@4编著
801  0 @aCN@bTANGWEI@c20100303
905    @b0584105-07@dTB472-39@e190@f3
    
    3ds Max & VRay工业产品渲染实例教程/韩鹏飞,李巨韬编著.-北京:兵器工业出版社:北京科海电子出版社,2009
    412页:图;26cm+附光盘1片
    
    
    ISBN 978-7-80248-302-6:CNY72.00
    本书分为9章,共30多个专业案例,对学生在设计中经常需要表现的如金属、玻璃、陶瓷、塑料、皮革等材质进行了分类讲解。
●
相关链接 在E读中查询图书 在五车中查询图书 在当当中查询图书 在豆瓣中查询图书


正题名:3ds Max & VRay工业产品渲染实例教程     索取号:TB472-39/190         预约/预借

序号 登录号 条形码 馆藏地/架位号 状态 备注
1 0584105   205841053   第二样本阅览室/ [索取号:TB472-39/190] 在馆    
2 0584106   205841062   第三借阅区/ [索取号:TB472-39/190] 在馆    
3 0584107   205841071   第三借阅区/ [索取号:TB472-39/190] 在馆    
唐山师范学院图书馆 欢迎您!
大连网信软件有限公司© 版权所有